DESIGN AND ANALYSIS OF ALGORITHMS (Record no. 216866)

MARC details
000 -LEADER
fixed length control field 00451nam a22001697a 4500
008 - FIXED-LENGTH DATA ELEMENTS--GENERAL INFORMATION
fixed length control field 260324b |||||||| |||| 00| 0 eng d
020 ## - INTERNATIONAL STANDARD BOOK NUMBER
International Standard Book Number 978-81-203-5164-6
050 ## - LIBRARY OF CONGRESS CALL NUMBER
Classification number QA 76.9 .A43 P36 2016
100 ## - MAIN ENTRY--PERSONAL NAME
Personal name PANNEERSELVAM R.
245 ## - TITLE STATEMENT
Title DESIGN AND ANALYSIS OF ALGORITHMS
250 ## - EDITION STATEMENT
Edition statement 2nd
260 ## - PUBLICATION, DISTRIBUTION, ETC.
Place of publication, distribution, etc. DELHI
Name of publisher, distributor, etc. PH LEARNING PRIVATE LIMITED
Date of publication, distribution, etc. 2016
300 ## - PHYSICAL DESCRIPTION
Extent X,620
500 ## - GENERAL NOTE
General note INCLUDES AN INDEX
942 ## - ADDED ENTRY ELEMENTS (KOHA)
Source of classification or shelving scheme Library of Congress Classification
Koha item type Long Loan Book
Holdings
Withdrawn status Lost status Source of classification or shelving scheme Damaged status Not for loan Collection Home library Current library Shelving location Date acquired Inventory number Total checkouts Full call number Barcode Date last seen Copy number Price effective from Koha item type
    Library of Congress Classification     Science & Technology Kisii University Library Kisii University Library On Display 03/24/2026 112546   QA 76.9 .A43 P36 2016 A000964 03/24/2026 C.4 03/24/2026 Long Loan Book
    Library of Congress Classification     Science & Technology Kisii University Library Kisii University Library On Display 03/24/2026 112545   QA 76.9 .A43 P36 2016 A000963 03/24/2026 C.3 03/24/2026 Long Loan Book
    Library of Congress Classification     Science & Technology Kisii University Library Kisii University Library On Display 03/24/2026 112544   QA 76.9 .A43 P36 2016 A000961 03/24/2026 C.2 03/24/2026 Long Loan Book
    Library of Congress Classification     Science & Technology Kisii University Library Kisii University Library On Display 03/24/2026 112543   QA 76.9 .A43 P36 2016 A000962 03/24/2026 C.1 03/24/2026 Long Loan Book